Gharmastian [Urdu] (Record no. 298905)

000 -LEADER
fixed length control field 00337 a2200145 4500
001 - CONTROL NUMBER
control field 63832
020 ## - INTERNATIONAL STANDARD BOOK NUMBER
International Standard Book Number 9789693510164
082 ## - DEWEY DECIMAL CLASSIFICATION NUMBER
Classification number 891.4392 YOU
090 ## - LOCALLY ASSIGNED LC-TYPE CALL NUMBER (OCLC); LOCAL CALL NUMBER (RLIN)
-- 37751
-- 37751
100 ## - MAIN ENTRY--PERSONAL NAME
Personal name Younas Butt, M. Dr.
245 ## - TITLE STATEMENT
Title Gharmastian [Urdu]
260 ## - PUBLICATION, DISTRIBUTION, ETC.
Place of publication, distribution, etc. Lahore
Name of publisher, distributor, etc. Sange Meel
Date of publication, distribution, etc. 2008
300 ## - PHYSICAL DESCRIPTION
Extent 231pp
650 ## - SUBJECT ADDED ENTRY--TOPICAL TERM
Topical term or geographic name entry element satire humour
942 ## - ADDED ENTRY ELEMENTS (KOHA)
Institution code [OBSOLETE] NUST-CAE
Call number prefix 891.4392 YOU
Holdings
Withdrawn status Lost status Damaged status Not for loan Collection code Permanent Location Current Location Date acquired Total Checkouts Full call number Barcode Date last seen Price effective from Koha item type
          College of Aeronautical Engineering (CAE) College of Aeronautical Engineering (CAE) 04/03/2017   891.4392 YOU CAE82091 04/05/2017 04/05/2017 Book
© 2023 Central Library, National University of Sciences and Technology. All Rights Reserved.